01259nab a22002297a 4500999001500000003000400015005001700019008004100036040000700077100003500084245021900119260007300338300001500411500003700426505023800463505008200701650002300783650002400806650003100830773015500861942001301016 c5583d5583OSt20251219103124.0190429b xxu||||| |||| 00| 0 spa d cPJ 96558aTilli, Martín Federico13aEl enjuiciamiento penal de las personas jurídicas en Argentina. Análisis del proceso penal de la persona jurídica contenida en la norma 27.401 y el Código Procesal Penal Federal -/cMartín Federico Tilli. cCiudad Autónoma de Buenos Aires :aThomson Reuters La Ley, b2025. ap. 121-134 aCita: TR LALEY AR/DOC/1070/2025. aSumario: I. Introducción.— II. La cuestión jurídica del enjuiciamiento penal de las empresas.— III. Ley 27.401, una superación del debate.— IV. El proceso penal de la persona jurídica en Argentina.— V. Conclusión. tSi te interesa el texto completo, solicitalo a koha@justierradelfuego.gov.ar  09343aDERECHO PENAL 092348aPROCESO PENAL 092625aPERSONAS JURÍDICAS0 0265893164tRevista de derecho penal y criminología. Nº 5 - Junio 2025dCiudad Autónoma de Buenos Aires : Thomson Reuters La Ley, 2017-x00347914 2udccANA